| 000 | 00557pab a2200193 454500 | ||
|---|---|---|---|
| 008 | 180718b1995 xxu||||| |||| 00| 0 eng d | ||
| 100 | _aGosling, Amanda | ||
| 245 | _aTrade unions and the dispersion of earnings in British establishments, 1980-90. | ||
| 260 | _c1995 | ||
| 300 | _ap.167-184 | ||
| 362 | _aMay | ||
| 650 | _aLabour unions - U.K. | ||
| 650 | _aTrade unions - U.K. | ||
| 650 | _aWage bargaining - U.K. | ||
| 650 | _aWages - U.K. | ||
| 700 | _aMachin, Stephen | ||
| 773 | _aOxford Bulletin of Economics and Statistics | ||
| 909 | _a28852 | ||
| 999 |
_c28852 _d28852 |
||